Stany i prowincje dotykające Gór Skalistych - Statystyki

Ogólne statystyki
  • Ten quiz został rozwiązany 23 razy
  • Średni wynik to 6 z 8
Statystyki odpowiedzi
Prowincja lub stan % Poprawnych
Idaho
83%
Kolorado
83%
Utah
83%
Montana
78%
Wyoming
74%
Kolumbia Brytyjska
61%
Nowy Meksyk
52%
Alberta
39%
Nie znaleziono quizów pasujących do podanych kryteriów
Rozkład punktacji
Procent ludzi z każdym wynikiem
Percentyl według liczby udzielonych odpowiedzi
Twoja historia wyników
Nie rozwiązałeś tego quizu